Homdex 2000 : the art of fine living (4 - 8 March 2000).
| Format: | Book |
|---|---|
| Published: |
Petaling Jaya:
FORUM,
[2000].
|
| Subjects: |
| LEADER | 00451cam a2200133 7i4500 | ||
|---|---|---|---|
| 001 | 0000008175 | ||
| 005 | 20001006090000.0 | ||
| 090 | 0 | 0 | |a M 790.04012025 |b HOM P 790.04012025 HOM |
| 245 | 0 | 0 | |a Homdex 2000 : |b the art of fine living (4 - 8 March 2000). |
| 260 | 0 | 0 | |a Petaling Jaya: |b FORUM, |c [2000]. |
| 300 | # | # | |a 32 p. |
| 650 | 0 | 0 | |a Arts -- |x Directories -- |z Malaysia |
| 651 | 0 | 0 | |a Malaysia |
| 999 | |a 0000011370 |b Directories |c Malaysia |e Business Information Centre | ||